| 000 | 01702nam a2200493 i 4500 | ||
|---|---|---|---|
| 001 | 2194 | ||
| 003 | KOSZ 005 | ||
| 005 | 20200811091010.0 | ||
| 008 | 060731s1974 pl a |000 0 pol | ||
| 015 | _aUWD 1974/6966 | ||
| 035 | _a991031253149705066 | ||
| 035 | _a(PL-WaBN)b18411149-48omnis_nlop | ||
| 035 | _ab18411149 | ||
| 035 | _a(OCoLC)749580643 | ||
| 035 | _a(PL)b0000001841114 | ||
| 035 | _a(EXLNZ-48OMNIS_NETWORK)9910231384105606 | ||
| 040 |
_aWA N _cWA N _dWA N _dKOSZ 005/HR |
||
| 041 | 0 | _apol | |
| 046 | _k1974 | ||
| 080 | _a631.5 | ||
| 080 | _a(075) | ||
| 100 | 1 |
_aPabis, Stanisław _d(1925-2019) _eAutor |
|
| 245 | 1 | 0 |
_aTechnologia suszenia i czyszczenia nasion : _bpodręcznik dla techników hodowli roślin i nasiennictwa / _cStanisław Pabis, Jan Pabis. |
| 260 |
_aWarszawa : _bWydaw. Rolnicze i Leśne, _c1974. |
||
| 300 |
_a133, [3] : _bil., wykr. ; _c25 cm. |
||
| 336 |
_aTekst _btxt _2rdacontent |
||
| 337 |
_aBez urządzenia pośredniczącego _bn _2rdamedia |
||
| 338 |
_aWolumin _bnc _2rdacarrier |
||
| 380 | _aKsiążki | ||
| 380 | _aPublikacje dydaktyczne | ||
| 385 |
_mPoziom nauczania _aSzkoły zawodowe |
||
| 388 | _a1901-2000 | ||
| 388 | _a1945-1989 | ||
| 650 | 7 |
_aNasiona _2DBN |
|
| 650 | 7 | _aSuszenie | |
| 650 | 7 |
_aSuszarnictwo _2DBN |
|
| 655 | 7 |
_aPodręczniki dla szkół zawodowych _2DBN |
|
| 658 | _aRolnictwo i leśnictwo | ||
| 700 | 1 |
_aPabis, Jan _d(1931-2017) _eAutor |
|
| 710 | 2 |
_aPaństwowe Wydawnictwo Rolnicze i Leśne _4pbl |
|
| 856 |
_uhttp://koha.tu.koszalin.pl/cgi-bin/koha/opac-detail.pl?biblionumber=2194 _yKatalog online BPK |
||
| 942 |
_2UKD _cKS |
||
| 999 |
_c2194 _d2194 |
||